000
00292nam a22001217a 4500
008
180917b xxu||||| |||| 00| 0 eng d
041
_a
eng
080
_2
3 ED
_a
616
100
_a
9
101
_a
PAT
245
_a
Articulation And Phonological Disorders
_c
Berntha lJ.E
942
_2
udc
_c
BK
999
_c
47870
_d
47870